Name a Valid Olympic Sport 2024 - Statistics

General Stats
  • This quiz has been taken 62 times
    61 since last reset
  • The average score is 5 of 13
Answers on the Grid
Answers color-coded by a green-red scale on the quiz's grid according to % correct below.
Dressage
Sepak Takraw
Breakdancing
Trampoline
Baseball
Speed Walking
Karate
Croquet
Buzkashi
BMX Racing
Slalom Canoe
Bowling
Surfing
Artistic Gymnastics
Inline Speed Skating
Marathon Swimming
Jiu Jitsu
Tug-of-War
Wrestling
Floorball
Chess Boxing
Underwater Hockey
Field Hockey
Cricket
3v3 Basketball
American Football
Zorbing
 
Answer Stats
Answer % Correct
Breakdancing
69%
Dressage
67%
Trampoline
59%
Artistic Gymnastics
38%
Speed Walking
33%
Surfing
33%
Slalom Canoe
31%
Wrestling
31%
BMX Racing
28%
Field Hockey
26%
3v3 Basketball
21%
Marathon Swimming
13%
Inline Speed Skating
5%
No matching quizzes found
Score Distribution
Percent of People with Each Score
Percentile by Number Answered
Your Score History
You have not taken this quiz since the last reset